000 00336nam a2200157Ia 4500
003 Ost
005 20260225132541.0
008 260225s9999||||xx |||||||||||||| ||und||
040 _cfsic
041 _afre
082 _a808
100 _aJean segui
_eAuteur
245 0 _aLeçon et parole /
245 0 _cJean segui
942 _cكتاب
999 _c33497
_d33497